| 000 | 00617nam a2200181 i 4500 | ||
|---|---|---|---|
| 001 | 149749 | ||
| 003 | ES-MaACL | ||
| 007 | t| | ||
| 008 | 071024s1956 sp ||||1| spa d | ||
| 100 | 1 |
_aVázquez Richart, José. _9113478 |
|
| 245 | 1 | 0 |
_aExtinción del vínculo laboral y actuación disciplinaria... / _cJosé Vázquez Richart. |
| 260 |
_aMadrid : _bInstituto Editorial Reus, _c1956. |
||
| 300 |
_aXII, 506 p. ; _c23 cm. |
||
| 650 | 1 | 4 |
_aDespido disciplinario- _zEspaña. _911841 |
| 650 | 1 | 4 |
_aContratos de trabajo- _xExtinción- _zEspaña _911333 |
| 852 |
_aES-MaACL _jC-8898 _bR.41559 |
||
| 999 |
_c149749 _d149749 |
||